Представление документа в формате RUSMARC

ПолеНазваниеЗначение
  Тип записи a
  Библиографический уровень a
001 Контрольный номер RU/CBS_UL/BASE/4566439f6f0b4123bc5a8e8f82ce6ca9
005 Дата корректировки 20250617220838.2
100 Данные общей обработки __
a Данные общей обработки 20250617 ||| 0rusy0189 ca
101 Язык документа 0_
a Язык текста rus
102 Страна публикации __
a Страна публикации RU
200 Заглавие и сведения об ответственности 1_
a Заглавие Любовь серьёзных людей
e Сведения, относящиеся к заглавию [истории любви известных исторических личностей]
f Первые сведения об ответственности Я. Миркин
300 Общие примечания __
a Общие примечания 16+
320 Библиография __
a Библиография Библиогр.: с. 73
461 Уровень набора _0
1 2000
a Родина
463 Уровень физической единицы _0
1 2000
a № 8
v С. 68-73 : фот., ил.
1 2101
d 2023
1 001RU/CBS_UL/BASE/80d08a6ec87545da81feef7fb2870da7
600 Персоналии _1
a Персоналии (Фамилия) Герцен
b Персоналии (Имя, инициалы) А.И.
600 Персоналии _1
a Персоналии (Фамилия) Ключевский
b Персоналии (Имя, инициалы) В.О.
600 Персоналии _1
a Персоналии (Фамилия) Лохвицкий
b Персоналии (Имя, инициалы) Н.А.
600 Персоналии _1
a Персоналии (Фамилия) Лосев
b Персоналии (Имя, инициалы) А.Ф.
600 Персоналии _1
a Персоналии (Фамилия) Шапорина
b Персоналии (Имя, инициалы) Л.В.
606 Тематические рубрики 0_
a Основная рубрика Деятели исторические - Россия
610 Ключевые слова 0_
a Ключевые слова исторические лица
610 Ключевые слова 0_
a Ключевые слова тема любви
610 Ключевые слова 0_
a Ключевые слова любовные метания
610 Ключевые слова 0_
a Ключевые слова чувства людей
610 Ключевые слова 0_
a Ключевые слова дневники о любви
610 Ключевые слова 0_
a Ключевые слова литература и история
610 Ключевые слова 0_
a Ключевые слова личная жизнь
610 Ключевые слова 0_
a Ключевые слова частная жизнь
610 Ключевые слова 0_
a Ключевые слова мемуаристика
686 Индексы других классификаций __
2 Код системы rubbk
a Классификационный индекс 63.3(2)-8
700 Автор _1
a Фамилия Миркин
b Имя (инициалы) Я.
801 Источник записи _0
a Страна RU
b Организация МБУК ЦБС г. Ульяновска
c Дата составления 20250617
g Правила каталогизации RCR
801 Источник записи _1
a Страна RU
b Организация МБУК ЦБС г. Ульяновска
c Дата составления 20250617
g Правила каталогизации RCR
901 Тип документа __
t Тип документа b
w Контрольный № источника RU/CBS_UL/BASE/80d08a6ec87545da81feef7fb2870da7
909 Создатель записи __
a Создатель записи lib1